• 首页
  • 本馆介绍
  • 公告通知
  • 最新文献
  • 馆藏检索
  • 电子资源
  • 读者导购
  • 参考咨询
  • 我的图书馆
  • 登录
  • 详细信息显示
  • 放入我的书架
  • 预约/预借图书
  • 作者相关作品
  • 分类相关作品
  • 丛书相关作品
  • 出版社相关作品

书目信息

  • 表格格式
  • 工作单格式
  • 卡片格式
题名:
协调心理学与控制论
    
 
作者: 奥多布莱扎 , Odobleja 著 ;柳凤运 , 蒋本良 译
分册:  
出版信息: 北京   商务印书馆  1997
页数: 294页
开本: 20cm
丛书名:
单 册:
中图分类: B84-05 , O231
科图分类: 59.8038
主题词: 心理学-关系-控制论 , 控制论-关系-心理学
电子资源:
ISBN: 7-100-01736-X
000 00964nam0 2200301 45
001 1573169686
005 20150125201947.15
010    @a7-100-01736-X@dCNY13.20
100    @a19970216d1997 kemy0chiy0121 ea
101 1  @achi@crum
102    @aCN@b110000
105    @ay z 000yy
200 10 @a协调心理学与控制论@Axie tiao xin li xue yu kong zhi lun@f(罗)斯特凡·奥多布莱扎(Stefan Odobleja)著@g柳凤运,蒋本良译
210    @a北京@c商务印书馆@d1997
215    @a294页@d20cm
300    @a据克拉约瓦罗马尼亚著作出版社1978年版译出
510 1  @aPsihologia consohantista si cibernetica@zrum
606    @a心理学-关系-控制论
606    @a控制论-关系-心理学
690    @aB84-05@v3
690    @aO231@v3
692    @a59.8038@v2
701  1 @a奥多布莱扎@Aao duo bu lai zha@bS.@4著
701 A1 @aOdobleja@bStefan@4著
702  0 @a柳凤运@Aliu feng yun@4译
702  0 @a蒋本良@Ajiang ben liang@4译
801  0 @aCN@bTSSF@c20150125
905    @aZUCC@dB84-05@eJY2
    
    协调心理学与控制论/(罗)斯特凡·奥多布莱扎(Stefan Odobleja)著/柳凤运,蒋本良译.-北京:商务印书馆,1997
    294页;20cm
    据克拉约瓦罗马尼亚著作出版社1978年版译出
    
    ISBN 7-100-01736-X:CNY13.20
    
●
相关链接 在E读中查询图书 在五车中查询图书 在当当中查询图书 在豆瓣中查询图书


正题名:协调心理学与控制论     索取号:B84-05/JY2         预约/预借

序号 登录号 条形码 馆藏地/架位号 状态 备注
1 7857831   278578317   学院路分馆/ [索取号:B84-05/JY2] 在馆    
唐山师范学院图书馆 欢迎您!
大连网信软件有限公司© 版权所有